| 000 | 00661nam a22002177a 4500 | ||
|---|---|---|---|
| 005 | 20010101072836.0 | ||
| 008 | 010101b xxu||||| |||| 00| 0 eng d | ||
| 020 |
_a9788184574746 _c500.00 |
||
| 040 | _aLoreto College | ||
| 041 | _aEnglish | ||
| 082 |
_a371.102 _bSST-SHA |
||
| 100 | _aSharma,Madhulika | ||
| 245 |
_aTeaching Social Studies _bConcepts and applications _cMadhulika Sharma |
||
| 260 |
_aNew Delhi _bKanishka Publishers _c2013 |
||
| 300 |
_aix,156p _b22cm |
||
| 504 | _aIncludes bibliographical references and index | ||
| 650 | _aTeaching method-Social studies | ||
| 650 | _aSocial studies-Teaching method | ||
| 850 | _aLCBED | ||
| 942 | _cBK | ||
| 999 |
_c40080 _d90559 |
||